| 000 | 00756nam a2200229 u 4500 | ||
|---|---|---|---|
| 005 | 20240809063830.0 | ||
| 008 | 130425s2011 r 000 0 eng d | ||
| 020 | _a9788415216292 | ||
| 035 | _aUPN01000190864 | ||
| 049 | _aCG | ||
| 050 | 4 |
_aPN1995 _bS8.6 |
|
| 100 | 1 |
_aSubirats, Eduardo, _d1947- _933724 |
|
| 245 | 1 | 0 |
_aProceso a la civilización : _bla crítica de la modernidad en la historia del cine / _cEduardo Subirats. |
| 260 |
_aEspaña : _bMontesinos, _c2011. |
||
| 300 |
_a334 p. : _bil. |
||
| 440 | 0 | _aEnsayo | |
| 650 | 7 |
_aCinematografía _xAspectos sociales _2 _910198 |
|
| 650 | 4 |
_aCIVILIZACION MODERNA - _ySIGLO XX - _xASPECTOS MORALES Y ETICOS _912583 |
|
| 650 | 0 |
_aCinematografía _xHistoria _910591 |
|
| 905 | _aLibro | ||
| 999 |
_c162967 _d162967 |
||